00552nam a2200169 450000500170000001000150001702000260003203500140005803700130007208200110008510000200009624500860011626000440020227000970024630000200034350000190036320191223150436.0 aENG-127213 a9788124120361c795.00 aEN-110745 bDBAD/PUB a808.88 aAnsari, M.Hamid aDare I question :cby Subramanian swamybreflections on contemporary challenges / aNew DelhibHar-Anand Publicationsc2018 aE-49/3, Okhla Industrial Area, Phase-IIbNew Delhie110020k41603490mInfo@haranandbooks.com a239p.c22cm(Hb) aIncludes index